| 000 | 01105nam a2200277 a 4500 | ||
|---|---|---|---|
| 001 | BRCA_1359 | ||
| 005 | 20190320203406.0 | ||
| 008 | 920511s1992 caua---##b---l001-0#eng-# | ||
| 020 | _a0875871631 | ||
| 020 | _a087587164X | ||
| 020 | _a083480266X | ||
| 050 | 4 |
_aNK4784 _b.G58 1992 |
|
| 100 | 1 |
_aGluckman, Dale Carolyn _94447 |
|
| 245 | 1 | 0 |
_aWhen Art Became Fashion _bKosode in Edo-Period Japan _cDale Carolyn Gluckman, Sharon Sadako Takeda ; with contributions by Monica Bethe ... [et al.]. |
| 260 |
_aNueva York _bWeatherhill _c1992 |
||
| 300 |
_a351 p. _bil. (algunas a color) _c30 cm. |
||
| 500 | _aCatálogo de la exposición realizada en County Museum of Art (Los Angeles), 25 noviembre, 1992 - 7 febrero, 1993 | ||
| 500 | _aDonación Fundación Japón | ||
| 504 | _aIncluye referencias bibliográficas e índice | ||
| 650 | 1 | 4 |
_aKimonos _vExposiciones _94448 |
| 650 | 1 | 4 |
_aIndumentaría _xHistoria _yPeriodo Edo, 1600-1868 _zJapón _94449 |
| 650 | 1 | 4 |
_aDiseño textil _xHistoria _yPeriodo Edo, 1600-1868 _zJapón _94450 |
| 700 | 1 |
_aTakeda, Sharon Sadako _94451 |
|
| 902 | _aDFJ | ||
| 942 |
_2lcc _cB |
||
| 999 |
_c1221 _d1221 |
||